000
00332 a2200157 4500
001
195210
020
_a
978-85-08-11125-1
040
_c
Magnum
100
_a
Junqueira, Sonia
240
1
0
_a
O macaco medroso
_l
por
245
1
0
_a
O macaco medroso
300
_a
24
362
0
_a
2007
697
_a
LITERATURA INFANTIL
942
_c
BK
999
_c
195210
_d
195210